Reglamentación Edilicia para la protección de la ciudad Histórica del Qosqo (Cusco) / (Record no. 12829)

000 -CABECERA
fixed length control field 01186nam a22002777a 4500
003 - IDENTIFICADOR DEL NÚMERO DE CONTROL
control field AR-CdUCM
008 - DATOS DE LONGITUD FIJA--INFORMACIÓN GENERAL
fixed length control field 190410b ||||| |||| 00| 0 spa d
040 ## - FUENTE DE LA CATALOGACIÓN
Agencia/entidad que catalogó originalmente la obra MUNICIPALIDAD PROVINCIAL DEL CUSCO
Entidad que transcribió la catalogación BIBLIOTECA MUNICIPAL DEL CUSCO
082 ## - NÚMERO DE LA CLASIFICACIÓN DECIMAL DEWEY
No. de Clasificación 711.461 /
Notacion interna P644
100 ## - ENTRADA PRINCIPAL--NOMBRE DE PERSONA
Nombre Personal Pimentel Gurmendi, Victor
245 ## - MENCIÓN DE TÍTULO
Título Reglamentación Edilicia para la protección de la ciudad Histórica del Qosqo (Cusco) /
260 ## - PUBLICACIÓN, DISTRIBUCIÓN, ETC.
Lugar de publicación, distribución, etc. Cusco :
Nombre de la editorial, distribuidor, etc. Municipalidad del Qosqo,
Fecha de publicación, distribución, etc. 1991.
300 ## - DESCRIPCIÓN FÍSICA
Nº de Páginas Extensión 8 capítulos ;
Otros detalles físicos Mapas plegables, ilustraciones, imágenes, cuadros,
Dimensiones 30 cm
505 ## - NOTA DE CONTENIDO CON FORMATO
Nota de contenido formateada Contenido: Evolución histórica del Cusco -- Antecedentes de acciones, normas y planes que involucran al centro histórico de la ciudad del Qosqo -- Diagnostico urbano del centro histórico del Qosqo ...
650 ## - PUNTO DE ACCESO ADICIONAL DE MATERIA--TÉRMINO DE MATERIA
Descriptor Reglamento
9 (RLIN) 13775
650 ## - PUNTO DE ACCESO ADICIONAL DE MATERIA--TÉRMINO DE MATERIA
Descriptor Urbanización
9 (RLIN) 5054
650 ## - PUNTO DE ACCESO ADICIONAL DE MATERIA--TÉRMINO DE MATERIA
Descriptor Centro histórico
9 (RLIN) 30912
650 ## - PUNTO DE ACCESO ADICIONAL DE MATERIA--TÉRMINO DE MATERIA
Descriptor Cusco
9 (RLIN) 772
650 ## - PUNTO DE ACCESO ADICIONAL DE MATERIA--TÉRMINO DE MATERIA
Descriptor Siglo XX
9 (RLIN) 8
700 ## - PUNTO DE ACCESO ADICIONAL--NOMBRE DE PERSONA
Nombre Personal Cordova Aleman, Rogrigo
9 (RLIN) 30913
700 ## - PUNTO DE ACCESO ADICIONAL--NOMBRE DE PERSONA
Nombre Personal Soria Leon, Judith
9 (RLIN) 30914
700 ## - PUNTO DE ACCESO ADICIONAL--NOMBRE DE PERSONA
Nombre Personal Meza Zambrano, Patricia
9 (RLIN) 30915
942 ## - ELEMENTOS DE PUNTO DE ACCESO ADICIONAL (KOHA)
Fuente de clasificación
Tipo de item Libros-BMC
945 ## - PROCESAMIENTO DE INFORMACIÓN LOCAL (OCLC)
Catalogador cmm
AAAA-MM-DD - Fecha de ingreso o modificacion 2019-04-10
Holdings
Estado de retiro (separado) Fuente de clasificación o esquema de estanterías Estado dañado Ubicación Sala donde se ubica Nombre de la colección Fecha de adquisición o compra Costo, precio normal en soles Signatura topográfica Código de Barras Última vez visto (Koha) Tipo de ítem (Koha) Número de Ejemplar
No     Sala Artes Sala Artes Book Cart 2019-04-10 100.00 711.461/P644 SA0000000455 2019-04-10 Libros-BMC  
No     Sala Artes Sala Artes Book Cart 2019-06-06 100.00 711.461 / P644 / e.2 SA0000000617 2019-06-06 Libros-BMC e.2

Powered by Koha